000 00982nam a2200289 i 4500
001 bg
003 BPK
005 20220608081859.0
008 010924s2001 pl a f |001 0 pol
015 _aPB 2001/16831
020 _a8372830185
040 _aWA N
_cBPK
041 0 _apol
080 _a663.1
080 _a504.05
100 1 _aZyska, Bronisław
_d(1924-2006)
_eAutor
245 1 0 _aKatastrofy, awarie i zagrożenia mikrobiologiczne w przemyśle i budownictwie /
_cBronisław Zyska.
260 _aŁódź :
_bPolitechnika Łódzka. Wydaw.,
_c2001.
300 _a300, [2] s. :
_bil. ;
_c24 cm.
504 _aBibliogr. - Indeksy.
650 4 _aSzkody przemysłowe
650 4 _aMikrobiologia przemysłowa
650 4 _aKatastrofy ekologiczne
710 2 _aPolitechnika Łódzka
_bWydawnictwo.
_4pbl.
856 _uhttp://koha.tu.koszalin.pl/cgi-bin/koha/opac-detail.pl?biblionumber=42190
_yKatalog online BPK
942 _2UKD
_cKS
999 _c42190
_d42190